| 000 | 01146nam a2200265 a 4500 | ||
|---|---|---|---|
| 001 | 74309 | ||
| 003 | BD-RjUL | ||
| 005 | 20211209082532.0 | ||
| 008 | 180702s1979 bg ||||| |||| 00| 0 ben d | ||
| 020 | _cTk.35.00 | ||
| 035 | _a(BD-RjUL)74527 | ||
| 040 |
_aBD-RjUL _beng _cBD-RjUL |
||
| 041 | _aben | ||
| 082 |
_223 _a891.4408 _bAHF 1979 |
||
| 100 | 1 |
_aআহমদ,ফররুখ _9147426 |
|
| 245 | 1 | 0 |
_aফররুখ-রচনাবলী / _cফররুখ আহমদ ; মোহাম্মদ মাহফুজুল্লাহ, আবদুল মান্নান সৈয়দ, সম্পাদিত |
| 260 |
_aঢাকা : _bআহমদ পাবলিশিং হাউস , _c১৯৭৯ |
||
| 300 |
_aখন্ড ; _c২০ সেমি. |
||
| 505 | _aখন্ড. ১ | ||
| 650 |
_aবাংলা সাহিত্য _vসংগ্রহ _9221589 |
||
| 650 |
_aBengali Literature _vCollection _9221590 |
||
| 700 |
_aমাহফুজুল্লাহ, মোহাম্মদ, সম্পা. _9221591 |
||
| 700 |
_aসৈয়দ, আবদুল মান্নান _9221592 |
||
| 942 |
_2ddc _cBK |
||
| 999 |
_c74309 _d74309 |
||